000 00576nam a22001577a 4500
003 OSt
005 20150906083736.0
008 150906b xxu||||| |||| 00| 0 eng d
040 _cRUA
082 _aAGR ហួត 1989 B001 Or.1
100 _968
_aហួត សុធី
245 _aការវាយតំលៃដីតាមលក្ខណៈក្សេត្រសាស្ត្រក្នុងពេលស្រោចស្រពលើដំណាំស្ពៃក្ដោប
260 _aPhnom Penh
_bRUA
_c1989
300 _a100p.
_bill.
_c29cm.
942 _2ddc
_cAGR
999 _c65
_d65